ZOEKMEKAAR (Record no. 687273)

MARC details
000 -LEADER
fixed length control field 00288nam a2200109Ia 4500
008 - FIXED-LENGTH DATA ELEMENTS--GENERAL INFORMATION
fixed length control field 220624s9999 xx 000 0 und d
020 ## - INTERNATIONAL STANDARD BOOK NUMBER
International Standard Book Number <a href="0 7993 2106 0">0 7993 2106 0</a>
082 ## - DEWEY DECIMAL CLASSIFICATION NUMBER
Classification number AF BER
942 ## - ADDED ENTRY ELEMENTS
Creator ID 561
Creator Name John Tresidder
Modifier ID 296
Modifier Name Phillipina Naude
100 ## - MAIN ENTRY--PERSONAL NAME
Personal name Bergh, Rene
245 #0 - TITLE STATEMENT
Title ZOEKMEKAAR
942 ## - ADDED ENTRY ELEMENTS
item type Books
Holdings
Withdrawn status Lost status Damaged status Not for loan Home library Current library Date acquired Cost, normal purchase price Total Checkouts Barcode Date last seen Price effective from item type Public note
        Pullenshope PL (MMID-PLST-PULL) Pullenshope PL (MMID-PLST-PULL) 25.06.2022 26.95   33228 01194804 7 25.06.2022 25.06.2022 Books 94058770166